Análisis cualitativo de entrevistas /
Guardat en:
| Autor principal: | |
|---|---|
| Altres autors: | , , |
| Format: | Text |
| Etiquetes: |
Afegir etiqueta
Sense etiquetes, Sigues el primer a etiquetar aquest registre!
|
MARC
| LEADER | 00000 a a2200000 04500 | ||
|---|---|---|---|
| 001 | 10119 | ||
| 003 | |||
| 040 | |||
| 100 | |a Ballester, Lluis | ||
| 245 | |a Análisis cualitativo de entrevistas / |c Lluis Ballester | ||
| 700 | |a Orte, Carmen | ||
| 700 | |a Oliver, Joseph Lluis | ||
| 700 | |a Castro C, Gisela | ||
| 773 | |g número 18; páginas 140-148 | ||
| 999 | |c 22131 |d 22131 | ||
